| 000 | 00516nam a2200145Ia 4500 | ||
|---|---|---|---|
| 008 | 140724s9999 xx 000 0 und d | ||
| 050 |
_aRA 8 _b.Ap643 2014 |
||
| 100 | _aApo, Rose Ellaine. | ||
| 245 |
_aPatient satisfaction on bedside nursing care in the medical-surgical ward of Las Piñas Doctors' Hospital / _cRose Ellaine Apo. |
||
| 260 |
_aLas Piñas, Philippines : _bSouthville International School and Colleges, _cc2014. |
||
| 300 |
_a59 p. : _c28 cm. |
||
| 521 | _aNursing | ||
| 942 | _cTH | ||
| 999 |
_c229335 _d229335 |
||